Nature : an environmental cosmology
Αποθηκεύτηκε σε:
| Κύριος συγγραφέας: | |
|---|---|
| Μορφή: | Βιβλίο |
| Γλώσσα: | English |
| Δημοσίευση: |
Albany :
State University of New York Press,
c1997
|
| Θέματα: | |
| Ετικέτες: |
Προσθήκη ετικέτας
Δεν υπάρχουν, Καταχωρήστε ετικέτα πρώτοι!
|
MARC
| LEADER | 00000nam a2200000 i 4500 | ||
|---|---|---|---|
| 001 | 1/100580 | ||
| 008 | 090203s1997 eng d | ||
| 020 | |a 0-7914-3347-1 (hbk.) | ||
| 035 | |l 10102908 | ||
| 040 | |a GR-MY-UA |b gre |e aacr | ||
| 041 | 0 | |a eng | |
| 082 | 0 | |a 113 |2 (22) | |
| 100 | 1 | |a Grange, Joseph |d 1940- | |
| 245 | 1 | 0 | |a Nature : |b an environmental cosmology / |c Joseph Grange |
| 260 | |a Albany : |b State University of New York Press, |c c1997 | ||
| 300 | |a xviii, 272 σ.; |b εικ.; |c 24 εκ. | ||
| 504 | |a Βιβλιογραφία: σ. 259-264 | ||
| 504 | |a Ευρετήριο: σ. 265-272 | ||
| 650 | 0 | 0 | |a Philosophy of nature. |
| 650 | 0 | 0 | |a Environmental ethics. |
| 852 | |a INST |b LESVOS |e 20090203 |h 113 GRA |p 005100044043 |q 005100044043 |t BK |y 0 | ||
| 901 | |a BIBL1-2009-1 | ||
| 909 | |a Λ |b 157607 | ||
| 922 | |a 1ΕΛΗ |b 200811 |c ΕΠΕΑΕΚ2/ΤΠ |d ΜΙΧΑΛΟΠΟΥΛΟΣ | ||
| 970 | |a ΓΙΑΛΑΜΑ |b ΜΑΡΙΑ |z 2009/02/03 | ||